Fem Største Byer I Tilfældige Danske Kommuner - Statistics

General Stats
  • This quiz has been taken 304 times
  • The average score is 11 of 30
Answer Stats
Category Indbyggere Country % Correct
Aabenraa 16.505 Aabenraa
100%
Aalborg 120.700 Aalborg
100%
Aarhus 295.688 Aarhus
100%
Assens 6.001 Assens
100%
Billund 7.307 Billund
100%
Nordfyn 4.060 Bogense
100%
Brønderslev 12.842 Brønderslev
100%
Esbjerg 71.505 Esbjerg
100%
Fredericia 41.544 Fredericia
100%
Frederikshavn 22.838 Frederikshavn
100%
Frederikssund 17.244 Frederikssund
100%
Lemvig 1.385 Harboøre
100%
Gribskov 9.482 Helsinge
100%
Hillerød 36.217 Hillerød
100%
Hjørring 25.951 Hjørring
100%
Holbæk 30.503 Holbæk
100%
Horsens 63.903 Horsens
100%
Køge 38.647 Køge
100%
Kolding 62.444 Kolding
100%
Lemvig 6.802 Lemvig
100%
Vesthimmerland 3.963 Løgstør
100%
Middelfart 16.528 Middelfart
100%
Lolland 12.445 Nakskov
100%
Nyborg 17.902 Nyborg
100%
Guldborgsund 16.636 Nykøbing Falster
100%
Morsø 8.941 Nykøbing Mors
100%
Nordfyn 5.270 Otterup
100%
Randers 64.158 Randers
100%
Ringkøbing-Skjern 9.894 Ringkøbing
100%
Ringsted 24.142 Ringsted
100%
Bornholm 13.759 Rønne
100%
Roskilde 52.974 Roskilde
100%
Frederikshavn 8.845 Sæby
100%
Silkeborg 51.805 Silkeborg
100%
Frederikshavn 7.476 Skagen
100%
Skanderborg 20.116 Skanderborg
100%
Skive 20.166 Skive
100%
Ringkøbing-Skjern 7.862 Skjern
100%
Sønderborg 28.277 Sønderborg
100%
Struer 10.000 Struer
100%
Svendborg 27.521 Svendborg
100%
Silkeborg 2.431 Them
100%
Lemvig 1.816 Thyborøn
100%
Tønder 7.564 Tønder
100%
Varde 14.053 Varde
100%
Vejle 61.706 Vejle
100%
Morsø 446 Vils
100%
Vordingborg 12.397 Vordingborg
100%
Herning 51.312 Herning
90%
Faxe 4.193 Faxe
86%
Syddjurs 7.211 Ebeltoft
80%
Faaborg-Midtfyn 6.867 Faaborg
80%
Haderslev 22.277 Haderslev
80%
Ringkøbing-Skjern 2.874 Hvide Sande
80%
Kalundborg 16.558 Kalundborg
80%
Lolland 5.827 Maribo
80%
Odder 13.274 Odder
80%
Lolland 1.957 Rødby
80%
Lolland 1.516 Rødbyhavn
80%
Slagelse 35.044 Slagelse
80%
Sorø 8.400 Sorø
80%
Middelfart 5.204 Strib
80%
Høje-Taastrup 35.238 Taastrup
80%
Fredericia 3.498 Tavlov
80%
Vejen 10.361 Vejen
80%
Ringkøbing-Skjern 4.242 Videbæk
80%
Skanderborg 7.479 Ry
75%
Faxe 2.483 Faxe Ladeplads
71%
Norddjurs 14.096 Grenaa
71%
Thisted 13.522 Thisted
71%
Gribskov 1.585 Annisse Nord
67%
Sønderborg 3.184 Augustenborg
67%
Køge 3.211 Bjæverskov
67%
Køge 4.844 Borup
67%
Køge 3.130 Ejby
67%
Gribskov 6.702 Gilleleje
67%
Billund 9.745 Grindsted
67%
Hedensted 13.034 Hedensted
67%
Holstebro 37.220 Holstebro
67%
Gribskov 1.569 Hornbæk-Dronningmølle
67%
Hedensted 1.643 Hornsyld
67%
Hedensted 4.009 Juelsminde
67%
Lyngby-Taarbæk 12.214 Lyngby
67%
Næstved 45.099 Næstved
67%
Sønderborg 5.729 Nordborg
67%
Odsherred 5.015 Nykøbing Sjælland
67%
Hedensted 2.989 Tørring
67%
Faaborg-Midtfyn 4.367 Årslev
60%
Odense 5.881 Bellinge
60%
Kolding 2.979 Christiansfeld
60%
Sorø 4.093 Dianalund
60%
Høje-Taastrup 13.663 Hedehusene
60%
Syddjurs 6.411 Hornslet
60%
Slagelse 14.342 Korsør
60%
Middelfart 3.189 Nørre Aaby
60%
Odense 183.763 Odense
60%
Faaborg-Midtfyn 6.729 Ringe
60%
Ringkøbing-Skjern 4.010 Tarm
60%
Nyborg 2.609 Ullerslev
60%
Haderslev 7.545 Vojens
60%
Faxe 12.488 Haslev
57%
Bornholm 1.457 Allinge-Sandvig
50%
Viborg 7.422 Bjerringbro
50%
Vejle 6.334 Børkop
50%
Sønderborg 3.241 Broager
50%
Skanderborg 9.223 Galten
50%
Sønderborg 4.336 Gråsten
50%
Skanderborg 8.462 Hørning
50%
Vejle 3.853 Jelling
50%
Lejre 4.587 Kirke Hvalsø
50%
Silkeborg 5.177 Kjellerup
50%
Lejre 3.165 Lejre
50%
Tønder 3.459 Løgumkloster
50%
Mariagerfjord 2.682 Mariager
50%
Guldborgsund 2.352 Nørre Alslev
50%
Aabenraa 4.258 Padborg
50%
Aabenraa 6.193 Rødekro
50%
Langeland 4.596 Rudkøbing
50%
Guldborgsund 4.556 Sakskøbing
50%
Silkeborg 4.608 Sejs-Svejbæk
50%
Tønder 3.227 Skærbæk
50%
Guldborgsund 2.196 Stubbekøbing
50%
Aabenraa 2.783 Tinglev
50%
Viborg 42.305 Viborg
50%
Fredericia 658 Egeskov
40%
Assens 2.501 Haarby
40%
Hjørring 5.434 Hirtshals
40%
Kalundborg 4.338 Høng
40%
Odder 1.692 Hou
40%
Roskilde 10.781 Jyllinge
40%
Aalborg 24.281 Nørresundby
40%
Syddjurs 3.310 Rønde
40%
Odense 3.065 Sankt Klemens
40%
Fredericia 2.497 Skærbæk
40%
Aalborg 7.861 Svendstrup
40%
Roskilde 4.277 Svogerslev
40%
Fredericia 660 Trelde-Østerby
40%
Odsherred 3.102 Asnæs
33%
Ikast-Brande 2.395 Bording
33%
Ikast-Brande 7.465 Brande
33%
Brønderslev 3.572 Dronninglund
33%
Gribskov 3.691 Græsted
33%
Helsingør 47.841 Helsingør
33%
Ikast-Brande 16.535 Ikast
33%
Hedensted 1.440 Lindved
33%
Varde 3.763 Ølgod
33%
Holstebro 2.009 Ulfborg
33%
Køge 1.625 Vemmedrup
33%
Holstebro 3.079 Vinderup
33%
Herning 3.260 Aulum
30%
Vejen 3.029 Holsted
30%
Herning 4.335 Sunds
30%
Herning 4.027 Vildbjerg
30%
Norddjurs 1.848 Allingåbro
29%
Norddjurs 3.281 Auning
29%
Thisted 2.085 Hanstholm
29%
Faxe 2.411 Karise
29%
Thisted 1.248 Klitmøller
29%
Frederikshavn 1.407 Ålbæk
25%
Mariagerfjord 1.415 Assens
25%
Aarhus 9.395 Beder-Malling
25%
Rudersdal 20.008 Birkerød (inkl. Bistrup, Kajerød, Ebberød)
25%
Egedal 2.877 Ganløse
25%
Mariagerfjord 4.965 Hadsund
25%
Mariagerfjord 12.217 Hobro
25%
Rudersdal 6.373 Holte
25%
Aarhus 8.624 Løgten
25%
Aarhus 10.259 Lystrup
25%
Rudersdal 5.322 Nærum
25%
Egedal 23.344 Ølstykke-Stenløse
25%
Rebild 3.076 Skørping
25%
Egedal 906 Slagslunde
25%
Egedal 10.729 Smørumnedre
25%
Rudersdal 7.975 Søllerød (inkl. Øverød)
25%
Vordingborg 3.793 Stege
25%
Stevns 3.579 Store Heddinge
25%
Rebild 9.334 Støvring
25%
Frederikshavn 2.307 Strandby
25%
Stevns 5.076 Strøby Egede
25%
Tønder 3.269 Toftlund
25%
Rudersdal 12.443 Trørød (inkl. Gl. Holte, Vedbæk)
25%
Egedal 1.794 Veksø
25%
Jammerbugt 6.688 Aabybro
20%
Assens 3.246 Aarup
20%
Vejen 4.554 Brørup
20%
Jammerbugt 2.692 Brovst
20%
Middelfart 2.152 Ejby
20%
Jammerbugt 3.360 Fjerritslev
20%
Sorø 4.053 Frederiksberg
20%
Assens 3.356 Glamsbjerg
20%
Vejen 1.978 Jels
20%
Jammerbugt 2.319 Kås
20%
Herning 2.636 Kibæk
20%
Aalborg 5.328 Klarup
20%
Syddjurs 1.924 Kolind
20%
Kolding 2.994 Lunderskov
20%
Aalborg 5.604 Nibe
20%
Jammerbugt 2.878 Pandrup
20%
Vejen 2.783 Rødding
20%
Faaborg-Midtfyn 1.876 Ryslinge
20%
Høje-Taastrup 1.491 Sengeløse
20%
Hjørring 3.086 Sindal
20%
Slagelse 6.298 Skælskør
20%
Lolland 1.365 Søllested
20%
Kolding 2.292 Sønder Bjert
20%
Slagelse 1.883 Svenstrup
20%
Kolding 4.896 Vamdrup
20%
Roskilde 4.881 Viby
20%
Roskilde 3.127 Vindinge
20%
Assens 3.246 Vissenbjerg
20%
Vejle 4.682 Give
17%
Skive 1.395 Glyngøre
17%
Skive 1.299 Roslev
17%
Billund 1.710 Sønder Omme
17%
Billund 1.261 Vorbasse
17%
Thisted 2.712 Hurup
14%
Norddjurs 1.357 Ørsted
14%
Faxe 2.956 Rønnede
14%
Norddjurs 790 Trustrup
14%
Bornholm 2.117 Aakirkeby
0%
Vesthimmerland 2.786 Aalestrup
0%
Vesthimmerland 8.671 Aars
0%
Varde 1.331 Alslev
0%
Mariagerfjord 2.610 Arden
0%
Brønderslev 1.109 Asaa
0%
Randers 3.831 Assentoft
0%
Lemvig 524 Bækmarksbro
0%
Langeland 440 Bagenkop
0%
Skive 1.180 Balling
0%
Kerteminde 672 Birkende
0%
Horsens 4.007 Brædstrup
0%
Esbjerg 7.267 Bramming
0%
Tønder 1.408 Bredebro
0%
Vejle 3.090 Brejning
0%
Struer 1.688 Bremdal
0%
Horsens 3.032 Egebjerg
0%
Lejre 2.008 Ejby
0%
Ikast-Brande 2.193 Engesvang
0%
Morsø 376 Erslev
0%
Odsherred 1.864 Fårevejle Stationsby
0%
Vesthimmerland 3.361 Farsø
0%
Furesø 20.426 Farum
0%
Næstved 5.193 Fensmark
0%
Slagelse 2.580 Forlev
0%
Odense 1.991 Fraugde
0%
Halsnæs 12.864 Frederiksværk
0%
Næstved 2.269 Fuglebjerg
0%
Middelfart 1.715 Gelsted
0%
Næstved 2.221 Glumsø
0%
Esbjerg 1.758 Gørding
0%
Kalundborg 2.378 Gørlev
0%
Hillerød 1.216 Gørløse
0%
Frederikssund 2.284 Græse Bakkeby
0%
Haderslev 2.445 Gram
0%
Odder 654 Gylling
0%
Favrskov 8.448 Hadsten
0%
Favrskov 7.215 Hammel
0%
Furesø 3.871 Hareskovby
0%
Stevns 2.914 Hårlev
0%
Bornholm 1.637 Hasle
0%
Billund 1.003 Hejnsvig
0%
Helsingør 5.846 Hellebæk
0%
Favrskov 8.464 Hinnerup
0%
Brønderslev 4.387 Hjallerup
0%
Struer 1.111 Hjerm
0%
Skive 2.850 Højslev Stationsby
0%
Helsingør 3.761 Hornbæk-Dronningmølle
0%
Odsherred 2.357 Hørve
0%
Langeland 596 Humble
0%
Struer 841 Humlum
0%
Halsnæs 8.538 Hundested
0%
Struer 1.077 Hvidbjerg
0%
Frederikssund 4.155 Jægerspris
0%
Furesø 2.215 Jonstrup
0%
Holbæk 4.324 Jyderup
0%
Ringsted 840 Jystrup
0%
Viborg 2.204 Karup
0%
Kerteminde 6.044 Kerteminde
0%
Lejre 2.411 Kirke Hyllinge
0%
Furesø 989 Kirke Værløse
0%
Ringsted 589 Kværkeby
0%
Helsingør 1.142 Kvistgård
0%
Randers 2.902 Langå
0%
Kerteminde 4.363 Langeskov
0%
Skanderborg 2.055 Låsby
0%
Halsnæs 2.470 Liseleje
0%
Viborg 1.914 Løgstrup
0%
Langeland 435 Lohals
0%
Aabenraa 2.375 Løjt Kirkeby
0%
Horsens 3.201 Lund
0%
Lyngby-Taarbæk 6.210 Lundtofte
0%
Nyborg 518 Måre
0%
Aarhus 5.146 Mårslet
0%
Kerteminde 694 Marslev
0%
Næstved 2.011 Mogenstrup
0%
Nordfyn 1.973 Morud
0%
Kerteminde 5.483 Munkebo
0%
Odense 1.537 Næsbyhoved-Broby
0%
Bornholm 3.655 Nexø
0%
Hillerød 2.040 Nødebo
0%
Rebild 1.145 Nørager
0%
Faaborg-Midtfyn 2.325 Nørre Lyndelse
0%
Lemvig 980 Nørre Nissum
0%
Ikast-Brande 1.919 Nørre Snede
0%
Hillerød 1.266 Ny Hammersholt
0%
Vordingborg 2.518 Nyråd
0%
Varde 2.840 Oksbøl
0%
Halsnæs 1.932 Ølsted
0%
Nyborg 1.729 Ørbæk
0%
Vordingborg 1.907 Ørslev
0%
Ringsted 662 Ørslev
0%
Odder 640 Ørting
0%
Horsens 2.578 Østbirk
0%
Lejre 2.266 Osted
0%
Brønderslev 976 Øster Brønderslev
0%
Morsø 715 Øster Jølby
0%
Haderslev 1.112 Over Jerstal
0%
Vordingborg 3.880 Præstø
0%
Svendborg 2.203 Rantzausminde
0%
Vesthimmerland 934 Ranum
0%
Høje-Taastrup 696 Reerslev
0%
Nyborg 560 Refsvindinge
0%
Esbjerg 8.295 Ribe
0%
Stevns 1.860 Rødvig
0%
Sorø 1.694 Ruds Vedby
0%
Syddjurs 2.729 Ryomgård
0%
Odder 882 Saksild
0%
Helsingør 1.387 Saunte
0%
Hillerød 2.947 Skævinge
0%
Svendborg 1.842 Skårup
0%
Frederikssund 3.165 Skibby
0%
Frederikssund 6.799 Slangerup
0%
Thisted 1.113 Snedsted
0%
Favrskov 3.119 Søften
0%
Nordfyn 3.336 Søndersø
0%
Lyngby-Taarbæk 6.479 Sorgenfri
0%
Randers 2.306 Spentrup
0%
Haderslev 2.490 Starup
0%
Sorø 2.048 Stenlille
0%
Randers 2.619 Stevnstrup
0%
Viborg 2.554 Stoholm
0%
Rebild 1.380 Suldrup
0%
Guldborgsund 3.233 Sundby
0%
Morsø 445 Sundby Mors
0%
Kalundborg 2.288 Svebølle
0%
Holbæk 2.871 Svinninge
0%
Hjørring 1.852 Tårs
0%
Rebild 1.650 Terndrup
0%
Svendborg 3.369 Thurø By
0%
Varde 1.429 Tistrup
0%
Esbjerg 2.876 Tjæreborg
0%
Holbæk 3.914 Tølløse
0%
Langeland 756 Tullebølle
0%
Holstebro 1.345 Tvis
0%
Kalundborg 1.906 Ubby
0%
Lyngby-Taarbæk 9.919 Ulrikkenborg
0%
Favrskov 1.917 Ulstrup
0%
Furesø 13.248 Værløse
0%
Stevns 754 Valløby
0%
Nordfyn 880 Veflinge
0%
Holstebro 1.245 Vemb
0%
Ringsted 615 Vetterslev
0%
Odsherred 1.757 Vig
0%
Svendborg 2.335 Vindeby
0%
Halsnæs 1.055 Vinderød
0%
Holbæk 2.571 Vipperød
0%
Silkeborg 3.747 Virklund
0%
Lyngby-Taarbæk 14.454 Virum
0%
Hjørring 2.592 Vrå
0%
Høje-Taastrup 268 Vridsløsemagle
0%
No matching quizzes found
Score Distribution
Percent of People with Each Score
Percentile by Number Answered
Your Score History
You have not taken this quiz